000 00862nac a22002171u 4500
010 _a 00069012
020 _a0938721844 (hardback : alk. paper)
082 0 0 _a658.4062
_bHAR
090 _c9115
_d9115
100 _aHarmon, Frederick G.
245 1 0 _aBusiness 2010 :
_bfive forces that will reshape business-- and how to make them work for you /
_cFrederick Harmon.
250 _a1st ed.
260 _aWashington, DC :
_bKiplinger Books,2001
_cc2001.
300 _axxi, 332 p. :
_bill. ;
_c25 cm.
500 _adistributer: Al-Ahram
504 _aIncludes bibliographical references (p. 299-315) and index.
511 _acatalogued by: wessam
650 0 _aBusiness forecasting.
942 _cBB
_k658.4062HAR
999 _c9115
_d9115